Financie základy socialistických financií pre nefinančné študijné odbory

Gespeichert in:
Bibliographische Detailangaben
1. Verfasser: Sládek, Viliam
Format: Buch
Sprache:Slowakisch
Veröffentlicht: Bratislava Alfa 1985
Tags: Tag hinzufügen
Keine Tags, Fügen Sie das erste Tag hinzu!

MARC

LEADER 00000nam a2200000 4500
001 c110265
005 20041019155146.3
041 0 |a slo 
044 |a SK 
245 1 0 |a Financie  |b základy socialistických financií pre nefinančné študijné odbory  |c Viliam Sládek a kol. 
264 1 |a Bratislava  |b Alfa  |c 1985 
300 |a 333 s. 
100 1 |a Sládek, Viliam